| 000 | 01063nac a22003017a 4500 | ||
|---|---|---|---|
| 001 | BR7805658 | ||
| 003 | BR-BrBNA | ||
| 005 | 20240105114306.0 | ||
| 008 | 230509b bl.|||m| |||| 00| 0 por d | ||
| 040 |
_aBR-BrBNA _bpor _cBiblioteca Nacional de Agricultura |
||
| 072 | _aD10; E30 | ||
| 090 | _aD10 BR7805658 | ||
| 110 | 1 |
_aCompanhia de Desenvolvimento Agropecuario do Piaui, Teresina (Brasil) _92343 |
|
| 245 | 1 | _aRelatorio de atividades 1975 [Companhia de Desenvolvimento Agropecuario do Piaui; Administracao agricola; Politica agricola; Brasil] | |
| 260 | 3 |
_aTeresina, PI (Brasil): _c[nd]. |
|
| 300 | _a54 p. | ||
| 490 |
_aRelatorio - Companhia de Desenvolvimento Agropecuario do Piaui (Brazil) _v _x |
||
| 500 | _aNumerical data; Published 1975? | ||
| 650 | _aAdministracao | ||
| 650 | _aDesenvolvimento agricola | ||
| 650 | _aAdministracao agricola | ||
| 650 | _aAgricultura | ||
| 650 | _aAssistencia tecnica | ||
| 650 | _aPolitica agricola | ||
| 650 | _aPiaui | ||
| 909 |
_a202312 _bLúcia Elande _c55 _dLúcia Elande |
||
| 942 |
_2AGRIS _n0 _cMS |
||
| 999 |
_c268505 _d268505 |
||